| 000 | 01260cam a22003497a 4500 | ||
|---|---|---|---|
| 003 | CHAP | ||
| 005 | 20220817041350.0 | ||
| 008 | 971013s1967 r 00010 d | ||
| 010 | _a12322 | ||
| 011 | _a13294 | ||
| 035 | _a17365 | ||
| 040 | _cCHAP | ||
| 082 |
_a330.972 _bB38 |
||
| 100 | 0 | 0 |
_aBassols Batalla, Angel. _910728 |
| 245 | 1 | 3 | _aLa división económica regional de México |
| 260 |
_aMéxico, D. F. : _bUNAM. Instituto de Investigaciones Económicas, _c1967 |
||
| 300 | _a264 p. mapas | ||
| 490 | 0 | _aTextos universitarios | |
| 590 |
_aBATCH-UPD _b10 _c20130110 _lUCH01 _h1642 |
||
| 590 |
_aBATCH-UPD _b10 _c20130410 _lUCH01 _h1032 |
||
| 590 |
_aBATCH-UPD _b10 _c20130914 _lUCH01 _h1540 |
||
| 590 |
_aCONVERSION _b10 _c20130109 _lUCH01 _h1308 |
||
| 650 | 1 | 4 |
_aGeografía económica _zMéxico. _947588 |
| 650 | 1 | 4 |
_aMéxico _xCondiciones económicas. |
| 830 | 0 |
_aTextos universitarios _9112581 |
|
| 901 | _aBK | ||
| 942 | _cLIBRO | ||
| 949 |
_a330.972 B38 _bBC _cLIBRO _d-41033 _eLIBRO _fc.2 _h14622 _i17365 _si |
||
| 949 |
_a330.972 B38 _bBC _cLIBRO _d33724000325411 _eLIBRO _fc.5 _h14625 _i17365 _si |
||
| 949 |
_a330.972 B38 _bBC _cLIBRO _d33724000325429 _eLIBRO _fc.3 _h14623 _i17365 _si |
||
| 949 |
_a330.972 B38 _bBC _cLIBRO _d33724000325437 _eLIBRO _h11166 _i17365 _si |
||
| 999 |
_c12322 _d12322 |
||